| 000 | 00511nam a2200181 a 4500 | ||
|---|---|---|---|
| 005 | 20210223131018.0 | ||
| 008 | 090608s1996 cr r 000 0 spa d | ||
| 020 | _a9977986975 | ||
| 035 | _aUPN01000171029 | ||
| 049 | _aCG | ||
| 050 | 4 |
_aPQ7489.2 S6.4 _bD5.3 |
|
| 100 | 1 |
_aSoto González, Rodrigo, _c1962- |
|
| 245 | 1 | 0 |
_aDicen que los monos éramos felices / _cRodrigo Soto. |
| 260 |
_aSan José, C. R. : _bFarben, _c1996. |
||
| 300 | _a163 p. | ||
| 650 | 4 |
_aCUENTOS COSTARRICENSES _912819 |
|
| 905 | _aLibro | ||
| 999 |
_c143134 _d143134 |
||